Comparison of different lining materials for field channels based on seepage characteristics (Record no. 342305)

MARC details
000 -LEADER
fixed length control field 00776nam a22001937a 4500
003 - CONTROL NUMBER IDENTIFIER
control field OSt
082 ## - DEWEY DECIMAL CLASSIFICATION NUMBER
Edition number 631.7 ANN/CO
088 ## - REPORT NUMBER
Report number P 287
100 ## - MAIN ENTRY--PERSONAL NAME
Personal name ANNIE S. S
9 (RLIN) 3720
245 ## - TITLE STATEMENT
Title Comparison of different lining materials for field channels based on seepage characteristics
260 ## - PUBLICATION, DISTRIBUTION, ETC. (IMPRINT)
Place of publication, distribution, etc. Tavanur 2014
Name of publisher, distributor, etc. Kelappaji College of Agricultural Engineering and Technology
300 ## - PHYSICAL DESCRIPTION
Extent 65
500 ## - GENERAL NOTE
General note Comparison of different lining materials for field channels based on seepage characteristics
520 ## - SUMMARY, ETC.
Summary, etc. Comparison of different lining materials for field channels based on seepage characteristics
700 ## - ADDED ENTRY--PERSONAL NAME
Personal name Sukanya S
9 (RLIN) 3721
700 ## - ADDED ENTRY--PERSONAL NAME
Personal name Er. Priya G. Nair (Guide)
9 (RLIN) 3444
856 ## - ELECTRONIC LOCATION AND ACCESS
Uniform Resource Identifier <a href="https://drive.google.com/open?id=1BCEtOpg0W5W739VEgDPOBuu09cPGpIAw">https://drive.google.com/open?id=1BCEtOpg0W5W739VEgDPOBuu09cPGpIAw</a>
942 ## - ADDED ENTRY ELEMENTS (KOHA)
Koha item type Project Report
Holdings
Withdrawn status Lost status Damaged status Not for loan Collection code Home library Current library Shelving location Date acquired Total Checkouts Full call number Barcode Date last seen Price effective from Koha item type
        Reference Book Kelappaji College of Agricultural Engineering & Technology Library, Tavanur Kelappaji College of Agricultural Engineering & Technology Library, Tavanur Reference 05/02/2018   631.7 ANN/CO KAU_KCAEFT-P 287 05/02/2018 05/02/2018 Project Report
Kerala Agricultural University Central Library
Thrissur-(Dt.), Kerala Pin:- 680656, India
Ph : (+91)(487) 2372219
E-mail: librarian@kau.in
Website: http://library.kau.in/